00423pam a2200169 a 4500020000500000041000500005100001800010245003600028250001000064260000900074300000800083653001400091700001900105930000800124999001900132952010200151 c h aK. M. Gokhale aOrganic And Inorganic Chemistry aIIIrd c1998 a182 achemistry aD. B. Kulkarni a190 c246043d246043 001040708generalaEVPbEVPd2011-09-19l0o pEVP-1174r2023-04-03 00:00:00t1w2023-04-03yBK